00911nam a2200169 a 450000500170000000800410001704000270005804100080008504400070009324501890010026000990028930000880038865000670047665000700054365000560061371000720066920180803170344.0161228q2010 ck a||||r|||| 00| 0 spa d aCO-BoIAVH cCO-BoIAVH 0 aspa ack00aEstrategia nacional para la conservación y la sostenibilidad cultural, ambiental y económica de la Amazonia colombiana / cMinisterio de Ambiente, Vivienda y Desarrollo Territorial aBogotá? (Colombia) : bMinisterio de Ambiente, Vivienda y Desarrollo Territorial,c[2010?]. a28 páginas aproxiamadamente sin numerar : bilustraciones a color ; c16 x 24 cm.26aConservación de la naturalezazAmazonia (Región, Colombia)24aOrdenamiento ambiental territorialzAmazonia (Región, Colombia)26aPolítica ambientalzAmazonia (Región, Colombia)1 aColombiabMinisterio de Ambiente, Vivienda y Desarrollo Territorial